| 000 | 00876nam a22002177a 4500 | ||
|---|---|---|---|
| 999 |
_c637 _d637 |
||
| 003 | AR-CdUCM | ||
| 008 | 190225b ||||| |||| 00| 0 spa d | ||
| 040 |
_aMUNICIPALIDAD PROVINCIAL DEL CUSCO _cBIBLIOTECA MUNICIPAL DEL CUSCO |
||
| 082 |
_a869.56 / _bZ47 |
||
| 100 |
_aZavaleta, Carlos _92476 |
||
| 245 |
_aMuchas caras del amor : _bcuentos / |
||
| 260 |
_aLima : _bFrancisco Moncloa Editores, _c1966. |
||
| 300 |
_a154 páginas ; _c19 cm. |
||
| 440 |
_aToda la realidad. _n2 _92477 |
||
| 505 | _aContenido: Una resurrección cotidiana -- El seductor -- Abrazos, muchos abrazos -- Mi antigua sirvienta -- Los guardianes -- La camioneta de la alegría -- Mamá Alba -- El contagio -- Las tres máscaras -- Los ejemplos de Gustavo. | ||
| 650 |
_aCuentos peruanos _97 |
||
| 650 |
_aCuentos siglo XX _9414 |
||
| 650 |
_aLiteratura _983 |
||
| 942 |
_2ddc _cLIBROS |
||
| 945 | _azta | ||